| 000 | 01089cam a22002533a 4500 | ||
|---|---|---|---|
| 001 | 20633 | ||
| 003 | PGUSA | ||
| 005 | 20140828083435.0 | ||
| 008 | 070220s2007||||xxu|||||s|||||000 | eng d | ||
| 040 |
_aPGUSA _beng |
||
| 042 | _adc | ||
| 050 | 4 | _aPS | |
| 100 | 1 |
_aLeacock, Stephen, _d1869-1944 |
|
| 245 | 1 | 0 |
_aWinsome Winnie and other New Nonsense Novels _h[electronic resource] / _cStephen Leacock |
| 260 |
_bProject Gutenberg, _c2007 |
||
| 505 | 0 | _aWinsome Winnie; or, Trial and temptation -- John and I; or How I nearly lost my husband -- The split in the cabinet; or, The fate of England -- Who do you think did it? or, The mixed-up murder mystery -- Broken barriers; or, Red love on a blue island -- The kidnapped plumber; a tale of the new time -- The blue and the grey; a pre-war war story -- Buggam Grange; a good old ghost story. | |
| 506 | _aPublic domain in the USA. | ||
| 516 | _aElectronic text | ||
| 653 | _aParodies | ||
| 653 | _aHumorous stories, Canadian | ||
| 830 | 0 |
_aProject Gutenberg _v20633 |
|
| 856 | 4 | 0 | _uhttp://www.gutenberg.org/ebooks/20633 |
| 942 | _cEB | ||
| 999 |
_c249888 _d249888 |
||